[Event "Asuncion CIT op"]
[Site "Asuncion"]
[Date "2023.08.13"]
[Round "3"]
[White "Zenti, Edoardo"]
[Black "Ocampos Mereles, Martin Alfredo"]
[Result "1/2-1/2"]
[WhiteElo "1796"]
[BlackElo "1379"]
[PlyCount "50"]
[EventDate "2023.08.12"]
[EventType "swiss"]
[EventRounds "9"]
[EventCountry "PAR"]
[SourceTitle "CBM 215 Extra"]
[Source "ChessBase"]
[SourceDate "2023.09.30"]
[SourceVersion "1"]
[SourceVersionDate "2023.09.30"]
[SourceQuality "1"]

1. e4 e5 2. Nf3 Nf6 3. Nxe5 d6 4. Nf3 Nxe4 5. Nc3 Nxc3 6. dxc3 Be7 7. Be3 Nc6 8. Qd2 Be6 9. 0-0-0 0-0 10. Kb1 Ne5 11. Nd4 Nc4 12. Bxc4 Bxc4 13. Nf5 Bf6 14. h3 Be6 15. Ng3 a5 16. Nh5 Be7 17. Bd4 f6 18. g4 Bf7 19. Ng3 a4 20. a3 Qd7 21. Rhe1 Rfe8 22. Nf5 Bf8 23. Rxe8 Rxe8 24. Qf4 Qe6 25. c4 Qe2 1/2-1/2